Online
Catalog

Donde solían cantar los dulces pájaros. / (Record no. 43555)

MARC details
000 -CABECERA
campo de control de longitud fija 00680nam a2200205 a 4500
001 - NÚMERO DE CONTROL
campo de control 000044066
005 - FECHA Y HORA DE LA ÚLTIMA TRANSACCIÓN
campo de control 20201002045127.0
008 - DATOS DE LONGITUD FIJA--INFORMACIÓN GENERAL
campo de control de longitud fija 140515s1979 sp 000 0 spa d
020 ## - NÚMERO INTERNACIONAL ESTÁNDAR DEL LIBRO
Número Internacional Estándar del Libro 8402062113
040 ## - FUENTE DE LA CATALOGACIÓN
Centro catalogador/agencia de origen DO-SdBNP
100 1# - ENTRADA PRINCIPAL--NOMBRE DE PERSONA
Nombre de persona Wilhelm, Kate
9 (RLIN) 72057
240 10 - TÍTULO UNIFORME
Título uniforme Where late the sweet birds sang
Lenguaje de la obra español
245 10 - MENCIÓN DE TÍTULO
Título Donde solían cantar los dulces pájaros. /
Mención de responsabilidad, etc. Kate Wilhelm ; traducción de Beatriz Podestá.
260 ## - PUBLICACIÓN, DISTRIBUCIÓN, ETC.
Lugar de publicación, distribución, etc. Barcelona :
Nombre del editor, distribuidor, etc. Bruguera,
Fecha de publicación, distribución, etc. 1979.
300 ## - DESCRIPCIÓN FÍSICA
Extensión 250 p. ;
Dimensiones 19 cm.
490 1# - MENCIÓN DE SERIE
Mención de serie Nova ciencia ficción
Designación de volumen o secuencia 25
586 ## - NOTA DE PREMIOS
Nota de premios En la cubierta: Premio Hugo 1977
700 12 - PUNTO DE ACCESO ADICIONAL--NOMBRE DE PERSONA
Nombre de persona Podestá, Beatriz
Término indicativo de función/relación tr.
9 (RLIN) 11083
830 #0 - PUNTO DE ACCESO ADICIONAL DE SERIE-TÍTULO UNIFORME
Título uniforme Nova ciencia ficción
Designación de volumen o secuencia 25
9 (RLIN) 72058
Holdings
Estado de retiro Estado de pérdida Restricciones de uso No para préstamo Código de colección Localización permanente Ubicación/localización actual Ubicación en estantería Fecha de adquisición Número de inventario Total de préstamos Signatura topográfica completa Código de barras Fecha visto por última vez Precio válido a partir de Tipo de ítem Koha
      Excluido de préstamo Monografías: Libros y Folletos General General En catalogación 15.05.2014 LF1   44066-10 25.06.2020 25.06.2020 No se presta

Powered by Koha